书目信息 |
| 题名: |
硅酸盐物理化学
|
|
| 作者: | ;南京化工学院 编 | |
| 分册: | ||
| 出版信息: | 北京 中国工业出版社 1961 |
|
| 页数: | 332页 | |
| 开本: | 20cm | |
| 丛书名: | ||
| 单 册: | ||
| 中图分类: | TQ170.1 | |
| 科图分类: | ||
| 主题词: | 硅酸盐--化学工业 | |
| 电子资源: | ||
| ISBN: | ||
| 000 | 00615nam0 2200205 450 | |
| 001 | 0629208828 | |
| 005 | 20070802104547.60 | |
| 010 | @dCNY2.15 | |
| 091 | @aK15165.941(化工-63) | |
| 100 | @a20060802d1961 km y0chiy0120 ea | |
| 101 | 0 | @achi |
| 102 | @aCN@b110000 | |
| 200 | 1 | @a硅酸盐物理化学@Agui suan yan wu li hua xue@f南京化工学院等编@Fnan jing hua gong xue yuan deng bian |
| 210 | @a北京@c中国工业出版社@d1961 | |
| 215 | @a332页@d20cm | |
| 606 | 0 | @a硅酸盐@x化学工业 |
| 690 | @aTQ170.1@v3 | |
| 711 | 02 | @a南京化工学院@Anan jing hua gong xue yuan@4编 |
| 801 | 0 | @aCN@bPFT@c20070802 |
| 905 | @a10447@dTQ170.1@e29 | |
| 硅酸盐物理化学/南京化工学院等编.-北京:中国工业出版社,1961 |
| 332页;20cm |
| ISBN :CNY2.15 |
| ● |
| 相关链接 |
|
|
|
|
正题名:硅酸盐物理化学
索取号:TQ170.1/29
 
预约/预借
| 序号 | 登录号 | 条形码 | 馆藏地/架位号 | 状态 | 备注 |
| 1 | 0790863 | 207908638 | 第二样本阅览室/ [索取号:TQ170.1/29] | 在馆 |